000 00592nam a22002417a 4500
003 UA-OsUOA
001 30313
007 ta
008 20041109b un ||||| |||| 00| 0 ukr d
100 _aГенкель П. А.
090 _a929:57
_bГ34
942 _cBK
040 _aUA-OsUOA
_brus
_cUA-OsUOA
_dUA-OsUOA
245 _aХристофор Яковлевич Гоби (1847-1920)
300 _a167 с.
_bІлюстрації
955 _a0
041 _arus
080 _a929:57
260 _aМосква
_bНаука
_c1976
044 _aRU
650 7 _2UDC
999 _c316724
_d316724